Statistics for Privileged - The Weeknd Lyrics

Click here to take the quiz!

General Stats

  • This quiz has been taken 7 times
  • The average score is 168 of 172

Answer Stats

HintAnswer% Correct
a
100%
and
100%
[Bridge] | [Pre-Chorus]And
100%
away
100%
be
100%
blues
100%
[Chorus]Blues
100%
care
100%
('Cause
100%
'Cause
100%
Cause
100%
don't
100%
down
100%
drink
100%
[Verse]Enjoy
100%
fuck
100%
game
100%
gonna
100%
goodbyes
100%
got
100%
hear
100%
held
100%
hold
100%
I
100%
i
100%
i'll
100%
i'm
100%
i'ma
100%
is
100%
just
100%
know
100%
last
100%
life
100%
love
100%
night
100%
no
100%
[Outro]No
100%
not
100%
okay
100%
our
100%
pain
100%
pills
100%
privileged
100%
red
100%
said
100%
say
100%
sufferin'
100%
sufferin')
100%
take
100%
that
100%
the
100%
they
100%
They
100%
through
100%
to
100%
two
100%
wanna
100%
way
100%
We
100%
were
100%
what
100%
when
100%
(You
100%
(you
100%
You
100%
you
100%
your
100%
back
83%
end
83%
it
83%
let's
83%
more)
83%
more
83%
my
83%
oh
83%
old
83%
smile
83%
try
83%
ways
83%
with
83%
yeah
83%
are
67%
So
67%

Score Distribution

Percentile by Number Answered

Percent of People with Each Score

Your Score History

You have not taken this quiz